| 000 | 00479nam a2200193Ia 4500 | ||
|---|---|---|---|
| 005 | 20231220103633.0 | ||
| 008 | 131103s9999 xx 000 0 und d | ||
| 020 |
_a340809043 _cRs 450 |
||
| 040 | _aLoreto College | ||
| 041 | _aEnglish | ||
| 082 |
_a302.23 _bORL |
||
| 100 | _aOrlebar, Jeremy | ||
| 245 | 4 |
_aThe practical media dictionary _cJeremy Orlebar |
|
| 260 |
_aLondon _bArnold _c2003 |
||
| 300 | _a197p | ||
| 650 | _aMedia Studies | ||
| 850 | _aLCLIB | ||
| 942 | _cBK | ||
| 999 |
_c17686 _d68165 |
||